| 000 | 01118nam a22003617a 4500 | ||
|---|---|---|---|
| 005 | 20230511120021.0 | ||
| 008 | 230509b2022 |||||||| |||| 00| 0 spa d | ||
| 020 | _a9788413661285 | ||
| 041 | _aESP | ||
| 082 | _a657 R456p3 | ||
| 100 |
_aRéy Pombo, José _976747 |
||
| 245 | _aProceso integral de la actividad comercial | ||
| 250 | _a3 edición | ||
| 260 |
_aEspaña _bEdiciones Paraninfo _c2022 |
||
| 300 | _a490 páginas | ||
| 650 |
_aCONTABILIDAD _976748 |
||
| 650 |
_aADMINISTRACIÓN DE EMPRESAS _976749 |
||
| 650 |
_aCONTABILIDAD FINANCIERA _976750 |
||
| 650 |
_aPATRIMONIO _976751 |
||
| 650 |
_aBIENES Y SERVICIOS _976752 |
||
| 650 |
_aMÉTODO CONTABLE _976753 |
||
| 650 |
_aLIBROS DE CONTABILIDAD _976754 |
||
| 650 |
_aCICLO CONTABLE _976755 |
||
| 650 |
_aTRIBUTOS _976756 |
||
| 650 |
_aCONTRATO COMERCIAL _976757 |
||
| 650 |
_aCUENTAS DE INGRESOS _976758 |
||
| 650 |
_aCUENTAS DE GASTOS _976759 |
||
| 650 |
_aDOCUMENTACIÓN DE LA COMPRAVENTA _976760 |
||
| 650 |
_aGESTIÓN DE COBROS _976761 |
||
| 650 |
_aGESTIÓN DE PAGOS _976762 |
||
| 650 |
_aOPERACIONES FINANCIERAS _976763 |
||
| 942 | _cBK | ||
| 999 |
_c13557 _d13557 |
||